000 00534nam a2200181 i 4500
001 25637
003 ES-MaACL
005 20250813015946.0
007 t|
008 021227s1880 it ||||1| ita d
100 1 _aArici, Cesare.
_922813
245 1 0 _aPoemetti ed inni sacri /
_cdi Cesare Arici ; con prefazione di Francesco Costero.
260 _aMilano :
_bEdoardo Sonzogno,
_c1880.
300 _a366 p. ;
_c18 cm.
700 1 _aCostèro, Francesco,
_d1818-1881
_941149
852 _aES-MaACL
_jG-10400
999 _c25637
_d25637